Normal view
MARC view
- Ilango, S, Soundararajan, V
Entry Personal Name
001 - CONTROL NUMBER
- control field: 68424
003 - CONTROL NUMBER IDENTIFIER
- control field: NUST
005 - DATE AND TIME OF LATEST TRANSACTION
- control field: 20210628204039.0
008 - FIXED-LENGTH DATA ELEMENTS
- fixed length control field: 210628|| aca||aabn | a|a d
040 ## - CATALOGING SOURCE
- Original cataloging agency: NUST
- Transcribing agency: NUST
100 ## - HEADING--PERSONAL NAME
- Personal name: Ilango, S, Soundararajan, V
670 ## - SOURCE DATA FOUND
- Source citation: Work cat.: (NUST): Ilango, S, Soundararajan, V, Introduction to hydraulics and pneumatics, 2011
